Marine - Paroles Cœur Maladroit - Statistiques

Statistiques générales
  • Ce quiz a été pris 161 fois
    159 depuis la dernière actualisation
  • Le résultat moyen est 260 sur 320
Statistiques - réponses
Hint Réponse % Correct
Couplet 1 | Couplet 2 | Refrain J'
99%
j'
99%
à
97%
ai
97%
m'
97%
c'
96%
le
96%
ma
96%
cœur
94%
S'
94%
d'
93%
maladroit
93%
qu'
93%
t'
93%
Pour
90%
pour
90%
Et
89%
et
89%
pas
88%
te
88%
amour
86%
la
86%
les
86%
Pré-refrain 1 Moi
86%
moi
86%
mon
86%
Mon
86%
toi
86%
en
85%
En
85%
karma
85%
me
85%
Que
85%
que
85%
n'
83%
Il
82%
il
82%
je
82%
Je
82%
emploi
81%
réunir
81%
si
81%
ça
79%
Ça
79%
mode
79%
plaît,
79%
tous
79%
veux
79%
aimer
78%
dans
78%
Dans
78%
est
76%
tête
76%
dise
75%
ne
75%
on
75%
vite
75%
qui
74%
sur
74%
aimerais
72%
bat
72%
connais
72%
suite
72%
viendra
72%
bras
71%
des
71%
Des
71%
Trop
71%
un
71%
quand
69%
questions
69%
stops
69%
deux
68%
paraît
68%
grillé
67%
avenir,
65%
fleurs
64%
suis
64%
table
64%
horoscope
63%
bonnes
61%
câble
61%
Merci
61%
pète
60%
piste
60%
surprises
60%
enveloppent
58%
Pré-refrain 2 Mais
58%
poser
58%
tu
58%
inondable
57%
jamais
57%
parce
57%
Sauf
57%
toujours
57%
tout
57%
zone
57%
cachette
56%
laissées
56%
va
56%
danser
54%
Sans
54%
sans
54%
savoir
54%
cherche
53%
insistes
53%
raisonnable
53%
côté,
51%
plutôt
51%
recommencer
51%
tease
51%
commence
50%
emmènerai
50%
existe
50%
pense
49%
abîme,
47%
envelopper
47%
trouvé
47%
avoir
46%
durer
46%
danger
43%
pourraient
43%
passe
42%
Aucun quiz correspondant
Distribution des résultats
% des personnes avec chaque résultat
Percentile par nombre de réponses
Votre historique - résultats
Vous n’avez pas pris ce quiz depuis la dernière actualisation